Medical supplies annual directory 2011/12.

Bibliographic Details
Format: Book
Published: Kuala Lumpur: Infinity 21, 2011.
Subjects:
LEADER 00415cam a2200133 7i4500
001 0000027171
005 20111102090000.0
090 0 0 |a M 610.025   |b MED 
245 0 0 |a Medical supplies annual directory 2011/12. 
260 0 0 |a Kuala Lumpur:   |b Infinity 21,   |c 2011. 
300 # # |a [v.p]. 
650 0 0 |a Medical supplies --   |x Directories --   |z Malaysia  
651 0 0 |a Malaysia  
999 |a 0000029618  |b Directories  |c Malaysia  |e Business Information Centre